Načítá se...

ഉത്തരാധുനികത; നവസിദ്ധാന്തങ്ങള്‍. 1

Podrobná bibliografie
Hlavní autoři: സി ബി സുധാകരന്‍, C B Sudhakaran
Médium: Printed Book
Vydáno: Kottyam; D C Books; 1999
Vydání:1st
Témata:
LEADER 01118nam a22002177a 4500
020 |a 81-7130-995-X 
082 |a 894.M07  |b SUD/U N9 
100 |a സി ബി സുധാകരന്‍;  |9 264562 
100 |a C B Sudhakaran  |9 264563 
240 |a Uttharadhunikatha; Navasiddhanthangal. 1 
245 |a ഉത്തരാധുനികത;  |b നവസിദ്ധാന്തങ്ങള്‍. 1 
250 |a 1st 
260 |a Kottyam;   |b D C Books;  |c 1999 
300 |a 157p. 
650 |a മലയാളം; പഠനം  |9 264565 
650 |a Malayalam; Study  |9 264566 
942 |c BK 
999 |c 45183  |d 45183 
952 |0 0  |1 0  |4 0  |6 894_000000000000000_M07_SUD_U_N9  |7 0  |8 STU  |9 52505  |a MAL  |b MAL  |d 2015-11-16  |e 45161  |g 60.00  |l 0  |o 894.M07 SUD/U N9   |p MAL045161  |r 2015-11-16  |t 1  |w 2015-11-16  |y BK 
952 |0 0  |1 0  |4 0  |6 894_000000000000000_M07_SUD_U_N91  |7 0  |8 STU  |9 52506  |a MAL  |b MAL  |d 2016-08-18  |e 45251  |g 75.00  |l 0  |o 894.M07 SUD/U N9;1  |p MAL045251  |r 2016-08-18  |t 2  |w 2016-08-18  |y BK 
952 |0 0  |1 0  |4 0  |6 894_000000000000000_M07_SUD_U_N92  |7 0  |8 STU  |9 52507  |a MAL  |b MAL  |d 2017-05-29  |e 44974  |g 60.00  |l 0  |o 894.M07 SUD/U N9;2  |p MAL044974  |r 2017-05-29  |t 3  |w 2017-05-29  |y BK